| 000 | 00717nam a2200193 i 4500 | ||
|---|---|---|---|
| 001 | 188434 | ||
| 003 | ES-MaACL | ||
| 005 | 20250814050045.0 | ||
| 008 | 180921s1955 mx |||| | spa d | ||
| 100 | 1 |
_aGraef Fernández, Carlos. _9165533 |
|
| 245 | 1 | 0 |
_aEspacio matemático y espacio físico / _cCarlos Graef Fernández. |
| 260 |
_aMéxico : _bUniversidad Nacional de México, _c1955. |
||
| 300 |
_a25 p. ; _c21 cm. |
||
| 490 | 1 |
_aCuadernos del Seminario de Problemas Científicos y Filosóficos ; _v2 |
|
| 650 | 7 |
_aGeometría del espacio _2embne _9165534 |
|
| 830 | 0 |
_aCuadernos del Seminario de Problemas Científicos y Filosóficos ; _v2 _9193031 |
|
| 852 |
_aES-MaACL _j2088-F-20 |
||
| 999 |
_c188434 _d188434 |
||